Quick Pick: World War II Events Quiz Stats

 Plays Quiz Updated Jul 18, 2017

Support Sporcle.
Go Orange.
Score 0/7 Timer 01:00
0 Plays Today
% Correct
1939
87.6%
1945
87.6%
1944
76.9%
1941
74.5%
1940
61.7%
1942
58.5%
1943
57.6%

Today's Daily Dose

You're not logged in!

Compare scores with friends on all Sporcle quizzes.
OR
Log In
Forgot?

From the Vault

Most Populous 'A' Metros on a Map

by RobPro

You'll be crowded out if you don't bring your A-Game!
Remove Ads.
Support Sporcle.
Get the best of Sporcle when you Go Orange. This ad-free experience offers more features, more stats, and more fun while also helping to support Sporcle. Thank you for becoming a member.

Show Comments

Extras

Top Quizzes Today


Score Distribution

Your Account Isn't Verified!

In order to create a playlist on Sporcle, you need to verify the email address you used during registration. Go to your Sporcle Settings to finish the process.

Report this User

Report this user for behavior that violates our Community Guidelines.

Details: